000
00323nam a2200133 a 4500
005
20140414093836.0
008
030611s19uu xx 00 eng d
050
_a
CDR 030
_b
Enc 2002
245
_a
Encarta :
_b
Encyclopedia Deluxe 2002.
650
_a
CD-ROM.
650
_a
Encyclopedia.
942
_c
AVM
999
_c
109012
_d
109012